Statistics for Modern-Day Countries That Have Been Communist

Click here to take the quiz!

General Stats

  • This quiz has been taken 164 times
    (146 since last reset)
  • The average score is 38 of 48

Answer Stats

Country% Correct
China
98%
Russia
97%
Albania
92%
Ukraine
91%
Vietnam
91%
Belarus
90%
Kazakhstan
90%
North Korea
90%
Uzbekistan
90%
Romania
89%
Laos
88%
Latvia
88%
Poland
88%
Tajikistan
88%
Turkmenistan
88%
Lithuania
87%
Estonia
86%
Armenia
85%
Azerbaijan
85%
Bulgaria
85%
Kyrgyzstan
85%
Serbia
84%
Slovenia
84%
Cambodia
83%
Germany
83%
Hungary
83%
Croatia
82%
Czech Republic
82%
Georgia
82%
Mongolia
82%
Montenegro
82%
Slovakia
82%
Kosovo
81%
Cuba
80%
Moldova
80%
North Macedonia
80%
Afghanistan
79%
Bosnia and Herzegovina
79%
Angola
74%
Somalia
61%
Yemen
60%
Mozambique
59%
Ethiopia
58%
Benin
56%
Republic of the Congo
53%
Eritrea
50%
Grenada
46%
Madagascar
28%

Score Distribution

Percentile by Number Answered

Percent of People with Each Score

Your Score History

You have not taken this quiz since the last reset